• 首页
  • 本馆介绍
  • 公告通知
  • 最新文献
  • 馆藏检索
  • 电子资源
  • 读者导购
  • 参考咨询
  • 我的图书馆
  • 登录
  • 详细信息显示
  • 放入我的书架
  • 预约/预借图书
  • 作者相关作品
  • 分类相关作品
  • 丛书相关作品
  • 出版社相关作品

书目信息

  • 表格格式
  • 工作单格式
  • 卡片格式
题名:
免疫组织化学实验技术及应用
    
 
作者: 戴益民 , 倪灿荣 , 马大烈 主编
分册:  
出版信息: 北京   化学工业出版社  2006
页数:
开本: 29cm
丛书名:
单 册:
中图分类: R392.11
科图分类:
主题词: 医药学:免疫学
电子资源:
ISBN: 7-5025-8626-1
000 00672nam0 2200205 450
001 0754114953
005 20070929150154.95
010    @a7-5025-8626-1
100    @a20070929d km y0chiy0120 ea
101 0  @achi
200 1  @a免疫组织化学实验技术及应用@Amian yi zu zhi hua xue shi yan ji shu ji ying yong@f倪灿荣,马大烈,戴益民 主编@Fni can rong,ma da lie,dai yi min zhu bian
210    @a北京@c化学工业出版社@d2006
215    @c彩图@d29cm
606 0  @a医药学:免疫学
690    @aR392.11@v3
701  0 @a戴益民@Adai yi min@4主编
701  0 @a倪灿荣@Ani can rong@4主编
701  0 @a马大烈@Ama da lie@4主编
801  0 @aCN@bPFT@c20070929
905    @a213230@dR392.11@eh49@f1
    
    免疫组织化学实验技术及应用/倪灿荣,马大烈,戴益民 主编.-北京:化学工业出版社,2006
    彩图;29cm
    
    
    ISBN 7-5025-8626-1:
    
●
相关链接 在E读中查询图书 在五车中查询图书 在当当中查询图书 在豆瓣中查询图书


正题名:免疫组织化学实验技术及应用     索取号:R392.11/h49         预约/预借

序号 登录号 条形码 馆藏地/架位号 状态 备注
1 6002407   260024075   密集书库-化学系/ [索取号:R392.11/h49] 在馆    
2 6002408   260024084   密集书库-化学系/ [索取号:R392.11/h49] 在馆    
唐山师范学院图书馆 欢迎您!
大连网信软件有限公司© 版权所有